Statystyki dla Daty z historii Polski #2

Kliknij tutaj aby rozwiązać quiz!

Ogólne statystyki

  • Ten quiz został rozwiązany 940 razy
  • Średni wynik to 16 z 26

Statystyki odpowiedzi

HintOdpowiedź% Poprawnych
Przyjęcie Polski do Unii Europejskiej2004
89%
agresja ZSRR na Polskę (II wojna światowa)1939
89%
uchwalenie pierwszej polskiej konstytucji (Konstytucja 3 maja)1791
83%
kobiety w Polsce uzyskały prawa wyborcze1918
82%
obchody 1000-lecia Państwa Polskiego1966
81%
zbrodnia katyńska1940
80%
ogłoszenie Gdańska Wolnym Miastem; podpisanie Traktatu Wersalskiego1919
77%
konferencja poczdamska1945
76%
Zamach na Gabriela Narutowicza1922
75%
wybór kardynała Karola Wojtyły na biskupa Rzymu1978
74%
podpisanie Układu Sikorski - Majski1941
73%
początek potopu szwedzkiego; oblężenie Jasnej Góry1655
64%
największa w historii Polski powódź1997
63%
bitwa pod Cedynią972
62%
utworzenie Układu Warszawskiego1955
60%
denominacja złotego1995
60%
powstanie Księstwa Warszawskiego1807
60%
założenie Akademii Krakowskiej (Uniwersytet Jagielloński)1364
60%
początek rokowań Konrada Mazowieckiego z Krzyżakami1226
51%
koronacja Jadwigi Andegaweńskiej na króla Polski1384
48%
początek powstania Chmielnickiego1648
48%
nagroda nobla w dziedzinie fizyki dla Marii Skłodowskiej-Curie1903
48%
protesty studentów w związku z administracyjnym zakazem wystawiania „Dziadów” Adama Mickiewicza w Teatrze Narodowym w Warszawie1968
48%
bitwa pod Płowcami1331
34%
powstanie wielkopolskie1806
32%
powstanie Banku Polskiego1828
16%

Rozkład punktacji

Percentyl według liczby udzielonych odpowiedzi

Procent ludzi z każdym wynikiem

Twoja historia wyników

Nie rozwiązałeś tego quizu